Opto 22 Data book
Uloženo v:
| Médium: | Kniha |
|---|---|
| Jazyk: | English |
| Vydáno: |
Springdale St. Huntington Beach, CA: [editor no identificado],
1983
|
| Tagy: |
Přidat tag
Žádné tagy, Buďte první, kdo vytvoří štítek k tomuto záznamu!
|
MARC
| LEADER | 00000nam a2200000Ia 4500 | ||
|---|---|---|---|
| 003 | MV0063 | ||
| 005 | 20221231143946.0 | ||
| 008 | 140114s1983 caua 000 ||eng d | ||
| 040 | |c cru CEDI | ||
| 090 | |a MV 63 | ||
| 245 | |a Opto 22 Data book | ||
| 260 | |a Springdale St. Huntington Beach, CA: [editor no identificado], |c 1983 | ||
| 300 | |a paginación varía | ||
| 942 | |c MX | ||
| 999 | |c 14820 |d 14820 | ||
